000 00727cac a22002171u 4500
090 _c1798
008 081111t1923 xxu||||| |||| 00| 0 eng d
010 _a23016409
082 _a158
_bM3791
100 _aMartin, Alfred W.
245 1 2 _aA philosophy of life and its spiritual values,
260 _aNew York [etc.]
_bD. Appleton and company,
_c1923.
300 _ax p., 1 l., 98 p.
_c20 cm.
500 _aDonations
500 _aDonations - Dr. Mostafa Gouda
650 0 _aLife.
650 0 _aSpiritual life.
650 0 _aChristian ethics.
942 _cBB
_k158M3791
_2ddc
999 _c1798
_d1798